Value engineering mastermind: from concept to value engineering certification (Record no. 26354)

000 -LEADER
fixed length control field 00398nam a2200133Ia 4500
008 - FIXED-LENGTH DATA ELEMENTS--GENERAL INFORMATION
fixed length control field 230413s9999||||xx |||||||||||||| ||und||
020 ## - INTERNATIONAL STANDARD BOOK NUMBER
International Standard Book Number 8178293056
082 ## - DEWEY DECIMAL CLASSIFICATION NUMBER
Classification number 658.1552
Item number M9539
100 ## - MAIN ENTRY--PERSONAL NAME
Personal name Mukhopadhyaya, Anil Kumar
245 #0 - TITLE STATEMENT
Title Value engineering mastermind: from concept to value engineering certification
260 ## - PUBLICATION, DISTRIBUTION, ETC. (IMPRINT)
Place of publication, distribution, etc New Delhi
Name of publisher, distributor, etc Response Books
Date of publication, distribution, etc 2003
300 ## - PHYSICAL DESCRIPTION
Extent xix, 188 p.
942 ## - ADDED ENTRY ELEMENTS (KOHA)
Item type Books
Holdings
Withdrawn status Lost status Damaged status Not for loan Permanent location Current location Date acquired Source of acquisition Full call number Barcode Date last seen Koha item type
        IMU Kolkata IMU Kolkata 2023-04-13 Gifted by Shailendra S Kathait (6049) 658.1552 M9539 G00619 2023-04-13 Books
Designed and Maintained by IMU-KC Library, Kolkata Campus © Copyright All Rights Reserved

webs counters

Powered by Koha